Journal of Comparative Economics (Record no. 5501)

MARC details
000 -LEADER
fixed length control field 00591nas a22001937i 4500
001 - CONTROL NUMBER
control field 5760
003 - CONTROL NUMBER IDENTIFIER
control field OSt
005 - DATE AND TIME OF LATEST TRANSACTION
control field 20170126082349.0
007 - PHYSICAL DESCRIPTION FIXED FIELD--GENERAL INFORMATION
fixed length control field tu
008 - FIXED-LENGTH DATA ELEMENTS--GENERAL INFORMATION
fixed length control field 161220s xxu||||| |||| 00| 0 d
022 ## - INTERNATIONAL STANDARD SERIAL NUMBER
International Standard Serial Number 0147-5967
024 7# - OTHER STANDARD IDENTIFIER
Standard number or code 5760
Source of number or code RID
024 7# - OTHER STANDARD IDENTIFIER
Standard number or code 5760
Source of number or code RSN (alt)
040 ## - CATALOGING SOURCE
Transcribing agency OSt
110 2# - MAIN ENTRY--CORPORATE NAME
Corporate name or jurisdiction name as entry element Association for Comparative Economic Studies
245 00 - TITLE STATEMENT
Title Journal of Comparative Economics
Remainder of title The Journal of the Association for Comparative Economic Studies
260 ## - PUBLICATION, DISTRIBUTION, ETC.
Place of publication, distribution, etc. Amsterdam :
Name of publisher, distributor, etc. Elsevier.
866 #0 - TEXTUAL HOLDINGS--BASIC BIBLIOGRAPHIC UNIT
-- 1977 1 - 1993 17/1, 1996 22/1 - 1999 27/4, 2002 30/1 - 2009 37/4, 2010 38/2 - 2011
942 ## - ADDED ENTRY ELEMENTS (KOHA)
Koha item type Journal
Holdings
Withdrawn status Lost status Damaged status Not for loan Home library Current library Shelving location Date acquired Serial Enumeration / chronology Inventory number Total Checkouts Barcode Date last seen Price effective from Koha item type
        WIIW WIIW Library 04/24/2013 1977 1 - 1993 17/1, 1996 22/1 - 1999 27/4, 2002 30/1 - 2003 31/4 5760   10001010 01/26/2017 01/26/2017 Journal
        WIIW WIIW Library 01/22/2015 42.2014,4 5760   10006208 01/26/2017 01/26/2017 Journal
The Vienna Instiute for International Economic Studies (wiiw)